| 000 | 00429nam a2200145Ia 4500 | ||
|---|---|---|---|
| 005 | 20260224094803.0 | ||
| 022 | _a2714-2965 | ||
| 050 | _aBF1 .A47/ | ||
| 245 | _aThe African Journal of Behaavioural and Scale Development Research (AJB-SDR) | ||
| 250 | _aVol. 6 No. 1 | ||
| 260 |
_aIbadan, Nigeria _bUniversity of Ibadan _c2024 |
||
| 300 | _a106 p. ill: 24 cm | ||
| 650 | _aPsychology--Africa--Periodicals | ||
| 942 |
_cSR _2lcc |
||
| 999 |
_c37230 _d37230 |
||